<?xml version="1.0" encoding="UTF-8"?>
<record
    xmlns:xsi="http://www.w3.org/2001/XMLSchema-instance"
    xsi:schemaLocation="http://www.loc.gov/MARC21/slim http://www.loc.gov/standards/marcxml/schema/MARC21slim.xsd"
    xmlns="http://www.loc.gov/MARC21/slim">

  <leader>00529cam a2200193 a 4500</leader>
  <datafield tag="020" ind1=" " ind2=" ">
    <subfield code="a">2040154485</subfield>
  </datafield>
  <datafield tag="040" ind1=" " ind2=" ">
    <subfield code="c">DLC</subfield>
  </datafield>
  <datafield tag="082" ind1="0" ind2="0">
    <subfield code="a">639 GAU 1982 A041 Or.</subfield>
  </datafield>
  <datafield tag="100" ind1="1" ind2=" ">
    <subfield code="a">Arrignon, Jacques.</subfield>
  </datafield>
  <datafield tag="245" ind1="1" ind2="0">
    <subfield code="a">Am&#xE9;nagement &#xE9;cologique et piscicole des eaux douces /</subfield>
  </datafield>
  <datafield tag="250" ind1=" " ind2=" ">
    <subfield code="a">3e &#xE9;d.</subfield>
  </datafield>
  <datafield tag="260" ind1=" " ind2=" ">
    <subfield code="a">Paris :</subfield>
    <subfield code="b">Gauthier-Villars,</subfield>
    <subfield code="c">[1982], c1976.</subfield>
  </datafield>
  <datafield tag="300" ind1=" " ind2=" ">
    <subfield code="a">xii, 340 p. :</subfield>
    <subfield code="b">ill. ;</subfield>
    <subfield code="c">24 cm.</subfield>
  </datafield>
  <datafield tag="500" ind1=" " ind2=" ">
    <subfield code="a">Includes index.</subfield>
  </datafield>
  <datafield tag="650" ind1=" " ind2="0">
    <subfield code="a">Fishery management</subfield>
  </datafield>
  <datafield tag="650" ind1=" " ind2="0">
    <subfield code="a">Fish culture</subfield>
  </datafield>
  <datafield tag="650" ind1=" " ind2="0">
    <subfield code="a">Freshwater ecology</subfield>
  </datafield>
  <datafield tag="942" ind1=" " ind2=" ">
    <subfield code="c">AEDBB</subfield>
  </datafield>
  <datafield tag="999" ind1=" " ind2=" ">
    <subfield code="c">12260</subfield>
    <subfield code="d">12260</subfield>
  </datafield>
  <datafield tag="952" ind1=" " ind2=" ">
    <subfield code="0">0</subfield>
    <subfield code="1">0</subfield>
    <subfield code="4">0</subfield>
    <subfield code="6">639_000000000000000_GAU_1982_A041_OR</subfield>
    <subfield code="7">0</subfield>
    <subfield code="9">61662</subfield>
    <subfield code="a">LBA</subfield>
    <subfield code="b">LBA</subfield>
    <subfield code="d">2017-08-11</subfield>
    <subfield code="o">639 GAU 1982 A041 Or.</subfield>
    <subfield code="p">A21429</subfield>
    <subfield code="r">2017-08-11</subfield>
    <subfield code="w">2017-08-11</subfield>
    <subfield code="y">FB</subfield>
  </datafield>
  <datafield tag="952" ind1=" " ind2=" ">
    <subfield code="0">0</subfield>
    <subfield code="1">0</subfield>
    <subfield code="4">0</subfield>
    <subfield code="6">639_000000000000000_GAU_1982_A041_OR</subfield>
    <subfield code="7">0</subfield>
    <subfield code="9">61663</subfield>
    <subfield code="a">LBA</subfield>
    <subfield code="b">LBA</subfield>
    <subfield code="c">A041</subfield>
    <subfield code="d">2017-08-11</subfield>
    <subfield code="o">639 GAU 1982 A041 Or.</subfield>
    <subfield code="p">A21084</subfield>
    <subfield code="r">2017-08-11</subfield>
    <subfield code="y">FB</subfield>
  </datafield>
  <datafield tag="952" ind1=" " ind2=" ">
    <subfield code="0">0</subfield>
    <subfield code="1">0</subfield>
    <subfield code="4">0</subfield>
    <subfield code="6">639_000000000000000_GAU_1982_A041_OR</subfield>
    <subfield code="7">0</subfield>
    <subfield code="9">61664</subfield>
    <subfield code="a">LBA</subfield>
    <subfield code="b">LBA</subfield>
    <subfield code="c">A041</subfield>
    <subfield code="d">2017-08-11</subfield>
    <subfield code="o">639 GAU 1982 A041 Or.</subfield>
    <subfield code="p">A21104</subfield>
    <subfield code="r">2017-08-11</subfield>
    <subfield code="w">2017-08-11</subfield>
    <subfield code="y">FB</subfield>
  </datafield>
</record>
